书目信息 |
| 题名: |
日本美术史话
|
|
| 作者: | 刘晓路, 著 | |
| 分册: | ||
| 出版信息: | 北京 人民美术出版社 1998.12 |
|
| 页数: | 210页 | |
| 开本: | 21cm | |
| 丛书名: | 外国美术史话丛书 | |
| 单 册: | ||
| 中图分类: | J209.313 | |
| 科图分类: | ||
| 主题词: | 美术史--mei shu shi--日本 | |
| 电子资源: | ||
| ISBN: | 7-102-01972-6 | |
| 000 | 00869nam 2200265 450 | |
| 001 | 012007838124 | |
| 005 | 20071204151949.26 | |
| 010 | @a7-102-01972-6@dCNY38.00 | |
| 100 | @a20071204d1998 km y0chi0120 ea | |
| 101 | 0 | @achi |
| 102 | @aCN@b110000 | |
| 105 | @aa a 000yd | |
| 106 | @ar | |
| 200 | 1 | @a日本美术史话@Ari ben mei shu shi hua@f刘晓路著@Fliu xiao lu zhu |
| 210 | @a北京@c人民美术出版社@d1998.12 | |
| 215 | @a210页@c图@d21cm | |
| 225 | 2 | @a外国美术史话丛书@Awai guo mei shu shi hua cong shu |
| 320 | @a有书目。 | |
| 330 | @a本书主要介绍日本民族在艺术史发展上的一些佳话,让人们了解到日本人民对美术的热爱,以及发展贡献。 | |
| 410 | 0 | @12001 @a外国美术史话丛书 |
| 606 | 0 | @a美术史@Amei shu shi@y日本 |
| 690 | @aJ209.313@v4 | |
| 701 | 0 | @a刘晓路,@Aliu xiao lu@f1953- @4著 |
| 801 | 0 | @aCN@bQSSK@c20071204 |
| 905 | @b270429-31@dJ209.313@eL693@f3 | |
| 日本美术史话/刘晓路著.-北京:人民美术出版社,1998.12 |
| 210页:图;21cm.-(外国美术史话丛书) |
| ISBN 7-102-01972-6:CNY38.00 |
| 本书主要介绍日本民族在艺术史发展上的一些佳话,让人们了解到日本人民对美术的热爱,以及发展贡献。 |
| ● |
| 相关链接 |
|
|
|
正题名:日本美术史话
索取号:J209.313/L693
 
预约/预借
| 序号 | 登录号 | 条形码 | 馆藏地/架位号 | 状态 | 备注 |
| 1 | 270429 | 202704298 | 社科库309/309社科库 67排4列4层/ [索取号:J209.313/L693] | 在馆 | |
| 2 | 270430 | 202704305 | 自科二线404/309社科库 68排1列1层/ [索取号:J209.313/L693] | 在馆 | |
| 3 | 270431 | 202704314 | 社科库309/309社科库 67排4列4层/ [索取号:J209.313/L693] | 在馆 |